000
002850000a22001330004500
003
MACL
040
_a
MACL
090
_c
1863
_d
1863
100
_a
Waines David
245
_a
An Introduction To Islam
260
_b
Cambridge University
_c
2004
650
_a
Religion
942
_c
BOOK
_k
297.65
999
_c
1850
_d
1850